ՀՀ Գիտությունների ազգային ակադեմիայի հիմնարար գիտական գրադարան  =   Fundamental Scientific Library of NAS RA

Релейная защита / (Record no. 441942)

MARC details
000 -LEADER
fixed length control field 00711nam a2200205 a 4500
003 - CONTROL NUMBER IDENTIFIER
control field AM-YeHGA
005 - DATE AND TIME OF LATEST TRANSACTION
control field 20250618075217.0
008 - FIXED-LENGTH DATA ELEMENTS--GENERAL INFORMATION
fixed length control field 990720s1960 ru |||||r|||||||||0|rus|d
040 ## - CATALOGING SOURCE
Original cataloging agency AM-YeHGA
041 1# - LANGUAGE CODE
Language code of text/sound track or separate title rus
090 ## - LOCALLY ASSIGNED LC-TYPE CALL NUMBER (OCLC); LOCAL CALL NUMBER (RLIN)
-- 444728
245 00 - TITLE STATEMENT
Title Релейная защита /
Statement of responsibility, etc. Переводы статей под ред. Г.И. Атабекова
260 ## - PUBLICATION, DISTRIBUTION, ETC.
Place of publication, distribution, etc. Москва ;
-- Л. ;
Name of publisher, distributor, etc. Госэнергоиздат,
Date of publication, distribution, etc. 1960.
300 ## - PHYSICAL DESCRIPTION
Extent выпуск
440 #0 - SERIES STATEMENT/ADDED ENTRY--TITLE
Title Энергетика за рубежом
Volume/sequential designation
505 10 - FORMATTED CONTENTS NOTE
Miscellaneous information Вып. 3 (1960 : 128 с.)
650 14 - SUBJECT ADDED ENTRY--TOPICAL TERM
Topical term or geographic name entry element Релейная защита
700 10 - ADDED ENTRY--PERSONAL NAME
Personal name Աթաբեկով, Գրիգոր Հովսեփի,
Dates associated with a name 1908-1966
Relationship edt
9 (RLIN) 2380
942 ## - ADDED ENTRY ELEMENTS (KOHA)
Source of classification or shelving scheme Universal Decimal Classification
Koha item type Գրքեր / Books
Holdings
Withdrawn status Lost status Source of classification or shelving scheme Damaged status Not for loan Collection Home library Current library Date acquired Serial enumeration / chronology Total checkouts Full call number Barcode Date last seen Price effective from Koha item type Public note
    Universal Decimal Classification     General Fundamental Scientific Library Fundamental Scientific Library 20/11/2019 Вып. 3   PII/25412 FL0610811 20/11/2019 20/11/2019 Գրքեր / Books 30 Days Loan


ՀՀ ԳԱԱ հիմնարար գիտական գրադարան
ՀՀ,Երևան 0019
Մարշալ Բաղրամյան 24/6
հեռախոս:(374-10) 52-47-50
Հետադարձ կապ

All site content, except where otherwise noted, is licensed under a
Creative Commons License